Wine Brands - Statistics

General Stats
  • This quiz has been taken 8 times
    7 since last reset
  • The average score is 18 of 92
Answer Stats
Answer % Correct
Bota Box
75%
Kendall Jackson
75%
Penfolds
50%
Sutter Home
50%
1000 Stories
25%
1924
25%
19 Crimes
25%
Austin Hope
25%
Bella Bolle
25%
Belle Glos
25%
Benvolio
25%
Beringer Bros
25%
Boen
25%
Bonanza
25%
Bonterra
25%
Bryt
25%
Cakebread
25%
Capriccio
25%
Carpineto
25%
Casillero
25%
Cavit
25%
Caymus
25%
Conundrum
25%
Croft
25%
Daou
25%
Decoy
25%
Elouan
25%
Fitvine
25%
Fonseca
25%
Francis Coppola
25%
Fre
25%
Frontera
25%
Fun Wine
25%
Gabbiano
25%
Happy Dad
25%
Joel Gott
25%
Korbel
25%
La Crema
25%
La Vieille Ferme
25%
Llano
25%
Luc Belaire
25%
Matua
25%
Menage A Trois
25%
Messina
25%
Noble Vines
25%
Quilt
25%
Rancho La Gloria
25%
Risata
25%
Riunite
25%
Roscato
25%
San Antonio
25%
San Simeon
25%
Santa Margherita
25%
Sea Sun
25%
Stags Leap
25%
Stella Rosa
25%
Sterling
25%
Taylor Fladgate
25%
Three Blocks
25%
Uno Mas
25%
Verdi
25%
XXL
25%
Yes Way, Rose
25%
Z Alex Brown
25%
Altano
0%
Banfi
0%
Becker
0%
Bogle
0%
Bread & Butter
0%
Campo Viejo
0%
Caposaldo
0%
Carpano
0%
Catena
0%
Colombo Marsala
0%
Dona Paula
0%
Duckhorn
0%
Dynamite
0%
Fetzer
0%
Iris
0%
Jadot Beaujoulais
0%
Longevity
0%
Mer Soleil
0%
Ovis
0%
Relax
0%
Riva de la Rosa
0%
Sandeman
0%
Silk & Spice
0%
Trapiche
0%
Treana
0%
Trivento
0%
Turning Point
0%
Warres
0%
No matching quizzes found
Score Distribution
Percent of People with Each Score
Percentile by Number Answered
Your Score History
You have not taken this quiz since the last reset